000
00343nam a2200145Ia 4500
008
150201s1987 xx 000 0 und d
082
_a
576
_b
M1987S
100
_a
ROGER, STANIER
245
_a
GENERAL MICROBIOLOGY
250
_a
5TH
260
_b
MACMILLAN
_a
HSIDC KUNDLI
_c
1987
300
_a
1-689
650
_a
MICROBIOLOGY
942
_2
ddc
_c
BK
999
_c
2635
_d
2635